Recupero de IVA por exportaciones (Registro nro. 15706)

Detalles MARC
000 -LEADER
fixed length control field 00403 a2200145 4500
001 - CONTROL NUMBER
control field ART_31389
005 - DATE AND TIME OF LATEST TRANSACTION
control field 20260410161707.0
008 - FIXED-LENGTH DATA ELEMENTS--GENERAL INFORMATION
fixed length control field 260409a
100 1# - MAIN ENTRY--PERSONAL NAME
Personal name Baldo, Alberto
245 10 - TITLE STATEMENT
Title Recupero de IVA por exportaciones
700 1# - ADDED ENTRY--PERSONAL NAME
Personal name Oklander, Juan
700 1# - ADDED ENTRY--PERSONAL NAME
Personal name Policella, Gustavo
700 1# - ADDED ENTRY--PERSONAL NAME
Personal name Harvey, Guillermo
773 0# - HOST ITEM ENTRY
Title Revista Impuestos
Related parts - Nº 6 (mar. 2007)
Record control number REV639

No hay ítems disponibles.